| 000 | nam a22 7a 4500 | ||
|---|---|---|---|
| 999 |
_c129133 _d129133 |
||
| 008 | 190306b xxu||||| |||| 00| 0 eng d | ||
| 050 | _aB741.F265 2009 | ||
| 100 |
_aFakhry, Majid _943496 |
||
| 245 |
_aIslamic philosophy _ba beginner's guide _cMajid Fakhry |
||
| 260 |
_aOxford _bOne World _c2009 |
||
| 300 |
_aviii, 201p. ; _c20cm. |
||
| 440 |
_aOne world beginners guide _945006 |
||
| 650 |
_aIslamic philosophy _929734 |
||
| 650 |
_aIslamic philosophy _xHistory _941820 |
||
| 942 |
_2lcc _cMONOGRAPH |
||